| 000 | 00411nam a2200145 i 4500 | ||
|---|---|---|---|
| 001 | 129910 | ||
| 003 | ES-MaACL | ||
| 005 | 20230906193614.0 | ||
| 007 | t| | ||
| 008 | 070711s1892 po ||||1| por d | ||
| 245 | 0 | 0 | _aNoticia sobre o Museu Zoologico da Universidade de Coimbra. |
| 260 |
_aCoimbra : _b[s.n.], _c1892 ( _fImprensa da Universidade) |
||
| 300 |
_a7 p. ; _c24 cm. |
||
| 852 |
_aES-MaACL _jT-1120-F-4 |
||
| 999 |
_c129910 _d129910 |
||